[Event "Konakovo Rating 9th"]
[Site "Konakovo"]
[Date "2014.03.01"]
[Round "10"]
[White "Anikeev, Anatoliy"]
[Black "Lukash, Nikolay"]
[Result "1/2-1/2"]
[WhiteElo "1890"]
[BlackElo "2085"]
[PlyCount "101"]
[EventDate "2014.02.22"]
[EventType "tourn"]
[EventRounds "13"]
[EventCountry "RUS"]
[SourceTitle "CBM 159 Extra"]
[Source "ChessBase"]
[SourceDate "2014.04.24"]
[SourceVersion "1"]
[SourceVersionDate "2014.04.24"]
[SourceQuality "1"]

1. d4 g6 2. c4 Bg7 3. Nc3 d6 4. e4 Nc6 5. Be3 Nf6 6. f3 e5 7. d5 Ne7 8. Bd3 b6 9. Nge2 0-0 10. 0-0 Nd7 11. b4 f5 12. Bg5 f4 13. Rb1 h6 14. Bh4 g5 15. Bf2 Qe8 16. Kh1 Qh5 17. Ng1 Nf6 18. Nb5 Ne8 19. c5 Ng6 20. cxd6 cxd6 21. Rc1 Rf7 22. Rc2 Ba6 23. a4 Rd8 24. Be2 Bf8 25. Qc1 Bxb5 26. Bxb5 Nf6 27. Rc8 Rxc8 28. Qxc8 g4 29. fxg4 Nxg4 30. Nf3 Nf6 31. Re1 Kg7 32. Be2 Nxe4 33. Kg1 Nxf2 34. Kxf2 Qf5 35. Qxf5 Rxf5 36. Bd3 Rf7 37. Rc1 Ne7 38. Be4 Ng8 39. Nh4 Kf6 40. Nf5 Rd7 41. Rc8 Kf7 42. Nh4 Ne7 43. Rc3 Kf6 44. b5 Rb7 45. Nf3 Kf7 46. Nd2 Ke8 47. Kf3 Kd7 48. Kg4 Rc7 49. Rxc7+ Kxc7 50. Nc4 Kd7 51. Kh4 1/2-1/2

[Event "Konakovo Rating 9th"]
[Site "Konakovo"]
[Date "2014.02.22"]
[Round "1"]
[White "Anikeev, Anatoliy"]
[Black "Matveev, Aleksandr"]
[Result "1/2-1/2"]
[WhiteElo "1890"]
[BlackElo "2084"]
[PlyCount "42"]
[EventDate "2014.02.22"]
[EventType "tourn"]
[EventRounds "13"]
[EventCountry "RUS"]
[SourceTitle "CBM 159 Extra"]
[Source "ChessBase"]
[SourceDate "2014.04.24"]
[SourceVersion "1"]
[SourceVersionDate "2014.04.24"]
[SourceQuality "1"]

1. Nf3 d5 2. d4 c6 3. e3 g6 4. c4 Bg7 5. Nbd2 Nf6 6. Be2 0-0 7. 0-0 Nbd7 8. b3 Re8 9. Bb2 dxc4 10. Bxc4 Nb6 11. Be2 Bf5 12. Re1 Qc7 13. Rc1 Rad8 14. Nc4 Nxc4 15. Bxc4 Ne4 16. Nh4 Nd6 17. Nxf5 Nxf5 18. Qg4 Qd7 19. Qf3 Nd6 20. Be2 Qf5 21. Qxf5 Nxf5 1/2-1/2

[Event "Konakovo Chervonny op"]
[Site "Konakovo"]
[Date "2012.09.20"]
[Round "1"]
[White "Kasyanov, Vasiliy"]
[Black "Anikeev, Anatoliy"]
[Result "1-0"]
[WhiteElo "2113"]
[BlackElo "1898"]
[PlyCount "99"]
[EventDate "2012.09.20"]
[EventType "swiss"]
[EventRounds "7"]
[EventCountry "RUS"]
[SourceTitle "CBM 150 Extra"]
[Source "ChessBase"]
[SourceDate "2012.10.19"]
[SourceVersion "1"]
[SourceVersionDate "2012.10.19"]
[SourceQuality "1"]

1. d4 d5 2. Bg5 Nd7 3. e3 Ngf6 4. Bd3 e6 5. Nf3 Be7 6. 0-0 0-0 7. c4 c6 8. Nc3 h6 9. Bh4 dxc4 10. Bxc4 Nd5 11. Bxe7 Qxe7 12. Bb3 a5 13. Rc1 Nxc3 14. bxc3 b5 15. a4 Ba6 16. Re1 Rfd8 17. c4 bxa4 18. Bxa4 Bb7 19. Rb1 Nf6 20. c5 Nd5 21. Qb3 Nb4 22. Ne5 g6 23. Nc4 Qc7 24. Nxa5 Qxa5 25. Qxb4 Qxa4 26. Qxa4 Rxa4 27. Rxb7 Rda8 28. g3 R8a7 29. Rb6 Rc7 30. Reb1 Ra8 31. Kg2 Kg7 32. h4 h5 33. Kf3 Kf6 34. Kf4 Ke7 35. Kg5 Ra2 36. R1b2 Ra8 37. Rb7 Rac8 38. f3 e5 39. dxe5 Ke6 40. f4 Kd5 41. Rxc7 Rxc7 42. Rc2 Ke4 43. e6 fxe6 44. Kxg6 Kf3 45. Kxh5 Kxg3 46. Kg5 Rh7 47. h5 Rg7+ 48. Kf6 Rh7 49. Kg6 Rh8 50. h6 1-0

[Event "Konakovo sf op"]
[Site "Konakovo"]
[Date "2011.12.25"]
[Round "7"]
[White "Anikeev, Anatoliy"]
[Black "Milutin, Lev"]
[Result "0-1"]
[WhiteElo "1914"]
[BlackElo "1984"]
[PlyCount "76"]
[EventDate "2011.12.19"]
[EventType "swiss"]
[EventRounds "7"]
[EventCountry "RUS"]
[SourceTitle "EXT 2022"]
[Source "ChessBase"]
[SourceDate "2021.10.06"]
[SourceVersion "1"]
[SourceVersionDate "2021.10.06"]
[SourceQuality "1"]

1. d4 d5 2. Nf3 e6 3. a3 Nf6 4. Bg5 Be7 5. e3 0-0 6. Bd3 h6 7. Bh4 c5 8. dxc5 Bxc5 9. c3 Nc6 10. Nd4 Be7 11. 0-0 Ne4 12. Bxe7 Qxe7 13. Nxc6 bxc6 14. Bxe4 dxe4 15. Qa4 Qb7 16. Qc2 Qb6 17. Nd2 Ba6 18. c4 f5 19. b4 Rad8 20. Nb3 Bc8 21. Rfd1 e5 22. Nc5 a5 23. Qc3 axb4 24. axb4 Qc7 25. g3 Qe7 26. Rdc1 h5 27. Rc2 h4 28. Rca2 h3 29. Qe1 Qf7 30. Qf1 Qh5 31. b5 cxb5 32. cxb5 Rd6 33. Rb2 Rfd8 34. Rbb1 Qh6 35. Na4 f4 36. Qc4+ Kh8 37. Qxe4 Qh5 38. Nc3 Bf5 0-1

[Event "Konakovo Chervonny op"]
[Site "Konakovo"]
[Date "2011.09.23"]
[Round "3"]
[White "Ivanov, Valery"]
[Black "Anikeev, Anatoliy"]
[Result "1-0"]
[WhiteElo "2177"]
[BlackElo "1908"]
[PlyCount "53"]
[EventDate "2011.09.22"]
[EventType "swiss"]
[EventRounds "7"]
[EventCountry "RUS"]
[SourceTitle "EXT 2012"]
[Source "ChessBase"]
[SourceDate "2011.11.24"]
[SourceVersion "1"]
[SourceVersionDate "2011.11.24"]
[SourceQuality "1"]

1. e4 c5 2. Nf3 e6 3. d4 cxd4 4. Nxd4 d6 5. Nc3 a6 6. Be3 Nf6 7. f4 Qc7 8. Qf3 Nc6 9. Nb3 b5 10. 0-0-0 Bb7 11. Kb1 Be7 12. g4 0-0 13. g5 Nd7 14. h4 Nb4 15. a3 Nc6 16. h5 f5 17. Bd3 Nc5 18. Rh2 Nxd3 19. cxd3 fxe4 20. dxe4 Ne5 21. Qh3 Nc4 22. Qxe6+ Kh8 23. h6 Nxe3 24. hxg7+ Kxg7 25. Rxh7+ Kxh7 26. Qh6+ Kg8 27. Qg6+ 1-0

[Event "Konakovo Chervonny op"]
[Site "Konakovo"]
[Date "2011.09.23"]
[Round "2"]
[White "Presnyakov, Semen"]
[Black "Anikeev, Anatoliy"]
[Result "1/2-1/2"]
[WhiteElo "1986"]
[BlackElo "1908"]
[PlyCount "58"]
[EventDate "2011.09.22"]
[EventType "swiss"]
[EventRounds "7"]
[EventCountry "RUS"]
[SourceTitle "EXT 2012"]
[Source "ChessBase"]
[SourceDate "2011.11.24"]
[SourceVersion "1"]
[SourceVersionDate "2011.11.24"]
[SourceQuality "1"]

1. d4 d5 2. c4 c6 3. Nc3 Nf6 4. Nf3 Bf5 5. e3 e6 6. Be2 Nbd7 7. cxd5 exd5 8. 0-0 Bd6 9. Nh4 Be6 10. Bd3 Qc7 11. Nf3 0-0 12. b3 Bg4 13. h3 Bh5 14. a4 Rae8 15. Ba3 Ne4 16. Qc2 Bxa3 17. Rxa3 f5 18. b4 Ndf6 19. Ne5 Qe7 20. Rb3 Nd7 21. Nxd7 Qxd7 22. b5 c5 23. Bxe4 fxe4 24. dxc5 Rc8 25. Ne2 Bxe2 26. Qxe2 Rxc5 27. Qd2 Rfc8 28. Rd1 Qf7 29. Rb2 b6 1/2-1/2

[Event "Konakovo Rating 6"]
[Site "Konakovo"]
[Date "2011.05.10"]
[Round "7"]
[White "Kozlov, Aleksandr"]
[Black "Anikeev, Anatoliy"]
[Result "1-0"]
[WhiteElo "2122"]
[BlackElo "1962"]
[PlyCount "65"]
[EventDate "2011.05.03"]
[EventType "tourn"]
[EventRounds "13"]
[EventCountry "RUS"]
[SourceTitle "EXT 2023"]
[Source "ChessBase"]
[SourceDate "2022.10.05"]
[SourceVersion "1"]
[SourceVersionDate "2022.10.05"]
[SourceQuality "1"]

1. Nf3 d5 2. d4 Nf6 3. e3 h6 4. Bd3 e6 5. 0-0 Be7 6. Nbd2 0-0 7. b3 b6 8. Ne5 Bb7 9. Bb2 Nfd7 10. f4 f5 11. Qf3 Nxe5 12. fxe5 Nd7 13. g4 g6 14. Qh3 Bg5 15. Rae1 Kg7 16. Re2 fxg4 17. Qxg4 Rxf1+ 18. Kxf1 Qe7 19. Nf3 Rf8 20. Kg1 Qf7 21. Kg2 Be7 22. Rf2 h5 23. Qg3 g5 24. Rf1 g4 25. Nd2 Qg8 26. h3 Rxf1 27. Nxf1 Kh6 28. hxg4 h4 29. Qf3 Qf8 30. Nh2 Bg5 31. Bc1 Qxf3+ 32. Nxf3 c5 33. Bd2 1-0

[Event "Konakovo Rating 6"]
[Site "Konakovo"]
[Date "2011.05.08"]
[Round "3"]
[White "Kovalev, Aleksandr"]
[Black "Anikeev, Anatoliy"]
[Result "1-0"]
[WhiteElo "1981"]
[BlackElo "1962"]
[PlyCount "91"]
[EventDate "2011.05.03"]
[EventType "tourn"]
[EventRounds "13"]
[EventCountry "RUS"]
[SourceTitle "EXT 2023"]
[Source "ChessBase"]
[SourceDate "2022.10.05"]
[SourceVersion "1"]
[SourceVersionDate "2022.10.05"]
[SourceQuality "1"]

1. e4 c5 2. Nf3 Nc6 3. c3 e5 4. Bc4 Be7 5. 0-0 Nf6 6. d4 d6 7. dxc5 dxc5 8. Qc2 0-0 9. Rd1 Qc7 10. Bg5 Bg4 11. Nbd2 a6 12. a4 Rad8 13. h3 Bh5 14. g4 Bg6 15. Nh4 Ne8 16. Nxg6 hxg6 17. Be3 Nf6 18. Nb3 Nb8 19. f3 b6 20. Qe2 a5 21. Rd2 Nh7 22. Rad1 Rxd2 23. Rxd2 Bh4 24. Rd5 Nf6 25. Rd3 g5 26. Qd2 Qe7 27. Bxg5 Bxg5 28. Qxg5 Nc6 29. Nc1 Rd8 30. Qd2 Rxd3 31. Nxd3 Qd8 32. Qg5 Qe7 33. Bb5 Qd6 34. Kf2 Nh7 35. Qf5 Na7 36. Bc4 Nf6 37. Qxe5 Qd8 38. Ke2 Nc6 39. Qf4 Qe7 40. Qe3 Ne5 41. Bd5 Nxd3 42. Kxd3 Kf8 43. f4 Qd7 44. Ke2 Nxd5 45. exd5 Qxd5 46. Qd3 1-0

[Event "Konakovo Rating 6"]
[Site "Konakovo"]
[Date "2011.05.07"]
[Round "1"]
[White "Matveev, Aleksandr"]
[Black "Anikeev, Anatoliy"]
[Result "1-0"]
[WhiteElo "2040"]
[BlackElo "1962"]
[PlyCount "97"]
[EventDate "2011.05.03"]
[EventType "tourn"]
[EventRounds "13"]
[EventCountry "RUS"]
[SourceTitle "EXT 2023"]
[Source "ChessBase"]
[SourceDate "2022.10.05"]
[SourceVersion "1"]
[SourceVersionDate "2022.10.05"]
[SourceQuality "1"]

1. c4 e5 2. Nc3 Nc6 3. g3 f5 4. d3 Nf6 5. Bg2 Bc5 6. Bg5 Bxf2+ 7. Kxf2 Ng4+ 8. Ke1 Qxg5 9. Qc1 Qxc1+ 10. Rxc1 0-0 11. Nd5 Rb8 12. h3 Nf6 13. Nxc7 Nh5 14. Kf2 f4 15. Bd5+ Kh8 16. g4 Ng3 17. Rh2 Nd4 18. Bf3 b6 19. b4 Bb7 20. Nb5 Bxf3 21. Nxf3 Nc6 22. a3 e4 23. dxe4 Nxe4+ 24. Kg1 Rbe8 25. Nc7 Rd8 26. Nd5 d6 27. Nc3 Nxc3 28. Rxc3 Ne5 29. Nxe5 dxe5 30. Kf2 e4 31. Rh1 Rc8 32. Rhc1 g6 33. c5 bxc5 34. Rxc5 Rxc5 35. Rxc5 Rf7 36. Re5 e3+ 37. Kf3 Kg7 38. g5 h6 39. h4 Kh7 40. Re4 hxg5 41. hxg5 Rf5 42. Re7+ Kg8 43. Rxa7 Rxg5 44. Ra5 Rg1 45. Kxf4 Kf7 46. Kxe3 Rf1 47. Ke4 Kf6 48. Ra8 Kg5 49. b5 1-0

[Event "Konakovo Chervonny op"]
[Site "Konakovo"]
[Date "2010.09.24"]
[Round "2"]
[White "Anikeev, Anatoliy"]
[Black "Presnyakov, Semen"]
[Result "1/2-1/2"]
[WhiteElo "1992"]
[BlackElo "1973"]
[PlyCount "69"]
[EventDate "2010.09.23"]
[EventType "swiss"]
[EventRounds "7"]
[EventCountry "RUS"]
[SourceTitle "EXT 2022"]
[Source "ChessBase"]
[SourceDate "2021.10.06"]
[SourceVersion "1"]
[SourceVersionDate "2021.10.06"]
[SourceQuality "1"]

1. d4 Nf6 2. Nf3 g6 3. c4 Bg7 4. Nc3 d6 5. e3 0-0 6. Be2 c5 7. d5 a6 8. 0-0 e6 9. e4 exd5 10. exd5 Bg4 11. h3 Bf5 12. Bd3 Bxd3 13. Qxd3 Nbd7 14. Bg5 Qb6 15. Rab1 Rfe8 16. Be3 Qc7 17. Rfe1 Re7 18. Bf4 Rae8 19. Rxe7 Rxe7 20. Re1 Rxe1+ 21. Nxe1 Nh5 22. Bh2 Ne5 23. Qe2 Qd8 24. f4 Nd7 25. g4 Bd4+ 26. Kg2 Nhf6 27. Nf3 Bxc3 28. bxc3 Qe8 29. Qxe8+ Nxe8 30. g5 Ng7 31. Nd2 Nf5 32. Kf3 Kf8 33. Bg1 Ke7 34. Bf2 Nb6 35. Ke4 1/2-1/2

[Event "Konakovo Chervonny op"]
[Site "Konakovo"]
[Date "2010.09.23"]
[Round "1"]
[White "Stoletov, Gennadi"]
[Black "Anikeev, Anatoliy"]
[Result "1-0"]
[WhiteElo "2288"]
[BlackElo "1992"]
[PlyCount "47"]
[EventDate "2010.09.23"]
[EventType "swiss"]
[EventRounds "7"]
[EventCountry "RUS"]
[SourceTitle "EXT 2022"]
[Source "ChessBase"]
[SourceDate "2021.10.06"]
[SourceVersion "1"]
[SourceVersionDate "2021.10.06"]
[SourceQuality "1"]

1. e4 e5 2. Nf3 d6 3. d4 exd4 4. Nxd4 Be7 5. Nc3 c6 6. Be2 Nf6 7. Be3 0-0 8. 0-0 c5 9. Nb3 a6 10. a4 Nc6 11. f4 Be6 12. Nd2 Qc7 13. f5 Bd7 14. g4 h6 15. g5 hxg5 16. Bxg5 Qd8 17. Rf2 Ne5 18. Rg2 Bc6 19. Bh6 g6 20. fxg6 Nxg6 21. Bc4 d5 22. exd5 Nxd5 23. Qh5 Nf6 24. Rxg6+ 1-0

[Event "Konakovo Rating"]
[Site "Konakovo"]
[Date "2009.02.10"]
[Round "8"]
[White "Anikeev, Anatoliy"]
[Black "Matveev, Aleksandr"]
[Result "0-1"]
[WhiteElo "1992"]
[BlackElo "2114"]
[PlyCount "64"]
[EventDate "2009.02.02"]
[EventType "tourn"]
[EventRounds "12"]
[EventCountry "RUS"]
[SourceTitle "EXT 2022"]
[Source "ChessBase"]
[SourceDate "2021.10.06"]
[SourceVersion "1"]
[SourceVersionDate "2021.10.06"]
[SourceQuality "1"]

1. Nf3 Nf6 2. d4 d5 3. c4 c6 4. Nc3 g6 5. cxd5 cxd5 6. e3 Bg7 7. Be2 Nc6 8. a3 0-0 9. 0-0 Bg4 10. Bd2 Ne4 11. Rc1 Rc8 12. Ne1 Bxe2 13. Qxe2 e6 14. Nf3 Nxd2 15. Qxd2 Na5 16. Qd1 Qb6 17. b4 Nc4 18. Qb3 Rfd8 19. Na4 Qd6 20. Nc5 Rc7 21. Rcd1 b6 22. Nd3 Rdc8 23. g3 Qe7 24. a4 Qf6 25. Nd2 Qg5 26. Nf3 Qf5 27. Kg2 Qe4 28. Nde1 h5 29. Qd3 Nb2 30. Qxe4 dxe4 31. Rd2 exf3+ 32. Nxf3 Nxa4 0-1

[Event "Konakovo Rating"]
[Site "Konakovo"]
[Date "2009.02.04"]
[Round "3"]
[White "Andriyashenko, Vladimir"]
[Black "Anikeev, Anatoliy"]
[Result "0-1"]
[WhiteElo "1902"]
[BlackElo "1992"]
[PlyCount "72"]
[EventDate "2009.02.02"]
[EventType "tourn"]
[EventRounds "12"]
[EventCountry "RUS"]
[SourceTitle "EXT 2022"]
[Source "ChessBase"]
[SourceDate "2021.10.06"]
[SourceVersion "1"]
[SourceVersionDate "2021.10.06"]
[SourceQuality "1"]

1. e4 e5 2. Nf3 Nc6 3. Bb5 d6 4. 0-0 Be7 5. h3 Bd7 6. c3 Nf6 7. Re1 0-0 8. d4 exd4 9. cxd4 a6 10. Bd3 Nb4 11. Bf1 c5 12. a3 Nc6 13. d5 Nb8 14. Nc3 Qc7 15. Bf4 Ne8 16. Bd3 b5 17. e5 g6 18. Qe2 dxe5 19. Nxe5 Bd6 20. Bh6 Ng7 21. f4 Re8 22. Qf3 Bf5 23. Bxg7 Bxd3 24. Nxd3 Rxe1+ 25. Rxe1 Kxg7 26. f5 Nd7 27. Ne4 Re8 28. fxg6 hxg6 29. Rf1 f5 30. Ng5 Nf8 31. g4 c4 32. Nb4 Bc5+ 33. Kg2 Re3 34. Qd1 Qg3+ 35. Kh1 Bd6 36. Qd4+ Kg8 0-1